| 000 | 00795 a2200205 4500 | ||
|---|---|---|---|
| 020 | _a0199208247 | ||
| 020 | _a9780199208241 | ||
| 082 | _a515.352 | ||
| 090 |
_c1122 _d1122 |
||
| 100 | 1 | _aJordan, Dominic. | |
| 245 | 1 | 0 |
_aNonlinear ordinary differential equations : _ban introduction for scientists and engineers / _cDominic Jordan, Peter Smith. |
| 250 | _a4th ed. | ||
| 260 |
_a[S.l.] : _bOxford University Press, USA, _c2007. |
||
| 300 |
_a560 p. ; _c25 cm. |
||
| 490 | 1 | _aOxford texts in applied and engineering mathematics. | |
| 700 | 1 | _aSmith, Peter. | |
| 830 | 0 | _aOxford texts in applied and engineering mathematics. | |
| 942 |
_aSNS _cBK _k515.352 JOR |
||
| 999 |
_c29737 _d29737 |
||